Imaging fluorescent combustion species in gas turbine flame tubes : on complexities in real systems /

Bibliographic Details
Main Author: Hicks, Yolanda R. (Yolanda Royce) (Author)
Format: Government Document eBook
Language:English
Published: Cleveland, Ohio : National Aeronautics and Space Administration, Lewis Research Center, June 1997.
Series:NASA technical memorandum ; 107491.
Subjects:
Online Access:https://purl.fdlp.gov/GPO/gpo79356

MARC

Tag First Indicator Second Indicator Subfields
LEADER 00000cam a2200000 i 4500
001 in00003888421
005 20211120182414.0
006 m o d f
007 cr cn|||||||||
008 170613e199706 ohua obt f000 0 eng c
035 |a (OCoLC)ocn990013092 
042 |a pcc 
040 |a GPO  |b eng  |e rda  |e pn  |c GPO  |d MvI 
049 |a WWW 
074 |a 0830-D (online) 
086 0 |a NAS 1.15:107491 
088 |a AIAA-97-2837 
100 1 |a Hicks, Yolanda R.  |q (Yolanda Royce),  |e author. 
245 1 0 |a Imaging fluorescent combustion species in gas turbine flame tubes :  |b on complexities in real systems /  |c Y.R. Hicks [and four others]. 
264 1 |a Cleveland, Ohio :  |b National Aeronautics and Space Administration, Lewis Research Center,  |c June 1997. 
300 |a 1 online resource (15 pages) :  |b color illustrations. 
336 |a text  |b txt  |2 rdacontent 
337 |a computer  |b c  |2 rdamedia 
338 |a online resource  |b cr  |2 rdacarrier 
490 1 |a NASA technical memorandum ;  |v 107491 
500 |a "June 1997"--Report documentation page. 
500 |a "Prepared for the 33rd Joint Propulsion Conference and Exhibit cosponsored by AIAA, ASME, SAE, and ASEE, Seattle, Washington, July 6-9, 1997." 
500 |a "Performing organization: National Aeronautics and Space Administration, Lewis Research Center"--Report documentation page. 
504 |a Includes bibliographical reference (pages 8-9). 
513 |a Technical memorandum. 
536 |a Sponsored by the National Aeronautics and Space Administration  |d WU-537-05-20  |d E-10788 
588 |a Description based on online resource; title from PDF title page (NASA, viewed June 13, 2017). 
500 |a "AIAA-97-2837." 
650 7 |a Laser induced fluorescence.  |2 nasat 
650 7 |a Gas turbine engines.  |2 nasat 
650 7 |a Combustion.  |2 nasat 
650 7 |a Flames.  |2 nasat 
650 7 |a Hydroxyl emission.  |2 nasat 
650 7 |a Image analysis.  |2 nasat 
650 7 |a Hydrogen.  |2 nasat 
710 2 |a Lewis Research Center,  |e issuing body. 
776 0 8 |i Microfiche version:  |t Imaging fluorescent combustion species in gas turbine flame tubes  |w (OCoLC)39854832 
830 0 |a NASA technical memorandum ;  |v 107491. 
856 4 0 |u https://purl.fdlp.gov/GPO/gpo79356  |t 0 
999 f f |s 6dc85597-d785-3573-b671-bd4cb881cc89  |i 0859c384-1b54-3baf-bc12-834762d15f87  |t 0 
952 f f |a Texas A&M University  |b College Station  |c Electronic Resources  |d Available Online  |t 0  |e NAS 1.15:107491  |h Superintendent of Documents classification 
998 f f |a NAS 1.15:107491  |t 0  |l Available Online